Sang gagak dengan takar (Record no. 126176)

MARC details
000 -LEADER
fixed length control field 00742nam a2200265 i 4500
001 - CONTROL NUMBER
control field C2-0326515
003 - CONTROL NUMBER IDENTIFIER
control field PPAK
005 - DATE AND TIME OF LATEST TRANSACTION
control field 20180728124349.0
008 - FIXED-LENGTH DATA ELEMENTS--GENERAL INFORMATION
fixed length control field 140330s2013 my a|||| ||||| | may d
020 ## - INTERNATIONAL STANDARD BOOK NUMBER
International Standard Book Number 9789675490446
040 ## - CATALOGING SOURCE
Original cataloging agency PPAK
Language of cataloging eng
Transcribing agency PPAK
Description conventions rda
082 04 - DEWEY DECIMAL CLASSIFICATION NUMBER
Classification number 398.24
Edition number 23
090 00 - LOCALLY ASSIGNED LC-TYPE CALL NUMBER (OCLC); LOCAL CALL NUMBER (RLIN)
Classification number (OCLC) (R) ; Classification number, CALL (RLIN) (NR) 398.24
Feature heading NAN
Feature heading K
100 0# - MAIN ENTRY--PERSONAL NAME
Personal name Nanthini,
Relator term author
245 10 - TITLE STATEMENT
Title Sang gagak dengan takar
264 #1 - PRODUCTION, PUBLICATION, DISTRIBUTION, MANUFACTURE, AND COPYRIGHT NOTICE
Place of production, publication, distribution, manufacture Hulu Selangor, Selangor :
Name of producer, publisher, distributor, manufacturer Qaff Publications ,
Date of production, publication, distribution, manufacture, or copyright notice 2013
300 ## - PHYSICAL DESCRIPTION
Extent 16 pages :
Other physical details colour illustrations ;
Dimensions 21 cm
336 ## - CONTENT TYPE
Source rdacontent
Content type term text
337 ## - MEDIA TYPE
Source rdamedia
Media type term unmediated
338 ## - CARRIER TYPE
Source rdacarrier
Carrier type term volume
490 1# - SERIES STATEMENT
Series statement Cerita fabel teladan
650 10 - SUBJECT ADDED ENTRY--TOPICAL TERM
Topical term or geographic name entry element Fables, Malay.
830 #0 - SERIES ADDED ENTRY--UNIFORM TITLE
Uniform title Cerita fabel teladan
942 ## - ADDED ENTRY ELEMENTS (KOHA)
-- dc
Koha item type Book
Holdings
Withdrawn Not for loan Current library Shelving location Date acquired Total Checkouts Full call number Barcode Date last seen Date last checked out Koha item type Total Renewals
    Perpustakaan Alor Setar Pinjaman Kanak-kanak 30/03/2014 2 K 398.24 NAN A01436743 27/03/2021 20/03/2021 Book  
    Perpustakaan Alor Setar Pinjaman Kanak-kanak 30/03/2014   K 398.24 NAN A01436744 09/05/2018   Book  
    Perpustakaan Awam Sungai Petani Pinjaman Kanak-kanak 30/03/2014 6 K 398.24 NAN A01436745 22/03/2025 09/02/2025 Book 2
    Perpustakaan Baling Pinjaman Kanak-kanak 30/03/2014 1 K 398.24 NAN A01436751 27/05/2025 03/05/2025 Book  
    Perpustakaan Bandar Baharu Pinjaman Kanak-kanak 30/03/2014 1 K 398.24 NAN A01436752 22/01/2019 10/01/2019 Book  
    Perpustakaan Bandar Baharu Pinjaman Kanak-kanak 30/03/2014   K 398.24 NAN A01436754 09/05/2018   Book  
    Perpustakaan Jitra Pinjaman Kanak-kanak 30/03/2014 1 K 398.24 NAN A01436746 08/01/2025 11/12/2024 Book 1
    Perpustakaan Kuala Nerang Pinjaman Kanak-kanak 30/03/2014   K 398.24 NAN A01436753 09/05/2018   Book  
    Perpustakaan Kulim Pinjaman Kanak-kanak 30/03/2014 5 K 398.24 NAN A01436748 30/08/2025 09/08/2025 Book  
    Perpustakaan Langkawi Pinjaman Kanak-kanak 30/03/2014   K 398.24 NAN A01436747 09/05/2018   Book  
    Perpustakaan Merbok Pinjaman Kanak-kanak 30/03/2014   K 398.24 NAN A01436755 09/05/2018   Book  
    Perpustakaan Pendang Pinjaman Kanak-kanak 30/03/2014   K 398.24 NAN A01436756 22/07/2021   Book  
    Perpustakaan Sik Pinjaman Kanak-kanak 30/03/2014 3 K 398.24 NAN A01436750 05/08/2024 15/07/2024 Book  
    Perpustakaan Yan Pinjaman Kanak-kanak 30/03/2014 1 K 398.24 NAN A01436749 10/06/2025 01/06/2025 Book